| 000 | 01773 a2200253 4500 | ||
|---|---|---|---|
| 001 | 36626 | ||
| 005 | 20260407155640.0 | ||
| 008 | 260407a1991 arg spa d | ||
| 003 | AR-UNSa-BCEJYS | ||
| 040 |
_aAR-UNSa-BCEJYS _bspa _cAR-UNSa-BCEJYS |
||
| 080 |
_a658.51 _xOrganización de la producción |
||
| 245 | 1 | 0 | _aAdminitración de la producción y las operaciones |
| 020 | _a968-880-221-2 | ||
| 250 | _a4a. ed. | ||
| 264 | 1 |
_aMéxico : _bPrentice-Hall Hispanoamericana _c1991 |
|
| 300 |
_a739 p. _c25 cm. |
||
| 505 | _aI: Administración de operaciones: 1. Administración de operaciones - 2. Estrategias de operaciones orientadas a la ventaja competitiva - II: Planeación (diseño)del sistema de conversión: 3. Pronósticos - 4. Decisiones sobre el diseño de productos y procesos - 5. Capacidad de las operaciones - 6. Planeación de la ubicación de instalaciones - 7. Planeación de la distribución de planta - III: Organización del sistema de conversión : 8. Diseño de puestos de trabajo, normas de producción y de operaciones y medición del trabajo - 9. Administración de proyectos - IV: 10. Sistemas de programación y planeación agregada - 11. Programación de las operaciones - V: Control del sistema de conversión : 12. Principios básicos para el control de inventarios - 13. Aplicaciones del control de inventarios - 14. Planeación de requerimientos de materiales - 15. La administración orientada a la calidad - 16. Análisis y control de la calidad - VI: Dinámica de la dirección de operaciones: 17. Evolución del proceso de producción. | ||
| 041 | _aspa | ||
| 942 | _cBK | ||
| 590 | _aniveau_biblio:m niveau_hierar:0 | ||
| 100 | 1 | _aAdam, Everett E., Jr. | |
| 700 | 1 | _aElbert, Ronald J. | |
| 700 | 1 | _aRodríguez Rodríguez, Jorge | |
| 999 |
_c2665 _d2665 |
||